000 00496nam a2200181Ia 4500
005 20250326124705.0
008 250326s9999 xx 000 0 und d
037 _aTextbook
040 _aFMSL
_beng
_cFMSL
041 _aeng
_2eng
084 _aX:89 L1
_qFMSL
100 _aGilchrist R R
_9277130
245 0 _aManaging for profit
_cGilchrist R R
260 _aLondon
_bLondon, George Allen And unwin
_c1971
300 _a165p
942 _cTB
_hX:89 L1
999 _c1274765
_d1274765